التخطيط الإعلامي في ضوء الإسلام / (رقم التسجيلة. 3325)

تفاصيل مارك
000 -الفاتح
عناصر البيانات ثابتة الطول 00731cam a2200193 i 4500
005 - تاريخ ووقت آخر معاملة
حقل ضبط 20251217105208.0
008 - عناصر البيانات ثابتة الطول
عناصر البيانات ثابتة الطول 250721s1988 ua gr 000 0 ara d
082 14 - رقم تصنيف ديوي العشري
رقم التصنيف 216,933
رقم المادة س ل ي
100 1# - مدخل رئيسي – اسم شخصي
الاسم الشخصي سليمان، محمود كرم
علاقة الشخص بالعمل/ دوره مؤلف.
245 12 - بيان العنوان
العنوان التخطيط الإعلامي في ضوء الإسلام /
بيان المسؤولية محمود كرم سليمان.
264 31 - بيانات النشر، التوزيع…إلخ
مكان النشر، التوزيع...إلخ القاهرة :
اسم الناشر، الموزع...إلخ دار الوفاء للنشر والتوزيع،
تاريخ النشر، التوزيع...إلخ 1988.
300 ## - الوصف المادي
عدد الوحدات المكونة للوعاء 214 صفحة.
490 0# - بيان السلسلة
عنوان السلسلة نحو إعلامي إسلامي متميز ؛
رقم الوعاء في السلسلة 2
650 17 - مدخل إضافي بالموضوع - مصطلح موضوعي
مصطلح موضوعي أو اسم جغرافي كعنصر مدخل الإعلام الإسلامي.
650 17 - مدخل إضافي بالموضوع - مصطلح موضوعي
مصطلح موضوعي أو اسم جغرافي كعنصر مدخل الإعلام.
830 #0 - مدخل إضافي بالسلسلة-عنوان مقنن
عنوان السلسسلة نحو إعلامي إسلامي متميز ؛
942 ## - بيانات إضافية (كوها)
نوع التنصيف Dewey Decimal Classification
نوع المادة (كوها) كتب
المقتنيات
حالة السحب حالة الفقدان مصدر التصنيف حالة التلف غير قابل للإعارة المكتبة الرئيسية المكتبة الحالية موقع الرف تاريخ التزويد الرقم المتسلسل Total Checkouts رقم الإستدعاء الباركود تاريخ آخر ظهور تاريخ الفاتورة نوع المادة (كوها)
    Dewey Decimal Classification     المكتبة المركزية المكتبة المركزية الإعارة 06/07/2004 181845   216,933 / س ل ي 181845 28/07/2025 06/07/2004 كتب
    Dewey Decimal Classification     مكتبة النصر العامة مكتبة النصر العامة الإعارة 19/11/2014 [5764]   216,933/سلي PLD00310931 28/07/2025 19/11/2014 كتب
Implemented & Customized by: BBB with SCIT (Smart Chains for Information Technology)

Powered by Koha